Millores en la sostenibilitat de l'ús de l'aigua en els espais públics enjardinats / [redacció: Robert Savé ... et al.] Robert Savé ... et al.]
ISBN:
9788498036527
Publicado:
Barcelona :
Diputació de Barcelona. Àrea de Sostenibilitat. Gerència de Serveis de Medi Ambient ,
2013
Descripción Física:
68 p. : il. ; 24 cm
Otros Autores:
Savé i Montserrat, Robert, dir
MARC
| LEADER | 00000nam a2200000Ia 4500 | ||
|---|---|---|---|
| 001 | 23945 | ||
| 008 | 160829s2013 xx 000 0 cat d | ||
| 020 | |a 9788498036527 | ||
| 080 | |a Bib-113 | ||
| 245 | |a Millores en la sostenibilitat de l'ús de l'aigua en els espais públics enjardinats / [redacció: |b Robert Savé ... et al.] | ||
| 260 | |a Barcelona : |b Diputació de Barcelona. Àrea de Sostenibilitat. Gerència de Serveis de Medi Ambient, |c 2013 | ||
| 300 | |a 68 p. : |b il. ; |c 24 cm | ||
| 490 | |a Estudis (Diputació de Barcelona). Medi Ambient ; 3 | ||
| 590 | |a També disponible en versió electrònica via Internet | ||
| 650 | |a Jardins |x Barcelona (Província) |9 50158 | ||
| 650 | |a Parcs |x Barcelona (Província) |9 50159 | ||
| 650 | |a Regatge |9 50160 | ||
| 700 | |a Savé i Montserrat, Robert, dir. |9 50161 | ||
| 710 | 1 | |a Barcelona (Catalunya : Província). |b Gerència de Serveis de Medi Ambient |9 53088 | |
| 901 | |a Arxiu | ||
| 942 | |n 1 | ||
| 952 | |0 0 |1 0 |4 0 |6 BIB113 |7 1 |9 55813 |a Arxiu |b Arxiu |d 2016-12-01 |l 0 |o Bib-113 |p 23945 |r 2016-12-01 00:00:00 |w 2016-12-01 |y ARXIU | ||
| 999 | |c 59686 |d 59686 | ||